01325nam a22003497a 4500003000500000005001700005008004100022010001000063011001000073035001000083040000900093090001000102100004700112245012200159260004000281300002200321502009400343590003700437590004100474590004100515590004100556590004100597590004200638650004100680650003600721650002000757901000700777942001000784949003600794999001700830952012800847CHAP20220329135939.0971013s1978 mx a r 00010 spa d a44527 a45499 a49638 cCHAP aTesis00aRamírez Sánchez, Rodolfo Jaime.99428610aAdministración de hierro intramuscular y oral con y sin glucosa en lechonesc/por Rodolfo Jaime Ramírez Sánchez aMonterrey, N. L. :bEl autor,c1978 a51 h. :bgráfs. aTesis (Ing. Agr. Zootecnista) -- ITESM. División de Ciencias Agropecuaias y Marítimas aALEPHb10c20130110lUCH01h1313 aBATCH-UPDb10c20130110lUCH01h0020 aBATCH-UPDb10c20130110lUCH01h1343 aBATCH-UPDb10c20130409lUCH01h2000 aBATCH-UPDb10c20130914lUCH01h1406 aCONVERSIONb10c20130109lUCH01h132414aFierro en nutrición animal.94076814aGanado porcinoxEngorda.94536214aGlucosa.948335 aBK cTESIS bBCcTESd-111898eTS1i49638si c44527d44527 00102local4051718TESISaBCbBCcPA_TESISd2012-12-17fTESISl0oTesisp-111898r2019-12-31 00:00:00w2019-12-31yTESIS